What Jesus Taught. (Record no. 12758)

000 -LEADER
fixed length control field 00521nam a2200181 a 4500
001 - CONTROL NUMBER
control field :::00010572$&:&@@
003 - CONTROL NUMBER IDENTIFIER
control field OkBaRHE
005 - DATE AND TIME OF LATEST TRANSACTION
control field 20001031113254.0
008 - FIXED-LENGTH DATA ELEMENTS--GENERAL INFORMATION
fixed length control field s1922 j 000 0 eng u
040 ## - CATALOGING SOURCE
Transcribing agency
100 1# - MAIN ENTRY--PERSONAL NAME
Personal name Evans, Milton G.
245 10 - TITLE STATEMENT
Title What Jesus Taught.
260 ## - PUBLICATION, DISTRIBUTION, ETC. (IMPRINT)
Place of publication, distribution, etc Philadelphia
Name of publisher, distributor, etc The Judson Press
Date of publication, distribution, etc 1922
300 ## - PHYSICAL DESCRIPTION
Extent 196 p.
520 ## - SUMMARY, ETC.
Summary, etc According to the Gospels.
942 ## - ADDED ENTRY ELEMENTS (KOHA)
Source of classification or shelving scheme
Koha item type Books
Copies
Date last seen Damaged status Not for loan Source of classification or shelving scheme Full call number Shelving location Barcode Withdrawn status Price effective from Permanent Location Date acquired Lost status Copy number Koha item type
2018-03-16   BS 2417 .E983General Stacks10572 2010-04-14RHEMA Bible Training College2010-04-14 1Books